Normal view
MARC view
- تاليف المنصوري، بيبرس؛ تحقيق وتقديم عبد الحميد صالح حمدان
Entry Personal Name
001 - CONTROL NUMBER
- control field: 14345
003 - CONTROL NUMBER IDENTIFIER
- control field: JO-AjAnu
005 - DATE AND TIME OF LATEST TRANSACTION
- control field: 20230606072606.0
008 - FIXED-LENGTH DATA ELEMENTS
- fixed length control field: 230606|| aca||aabn | a|a d
040 ## - CATALOGING SOURCE
- Original cataloging agency: JO-AjAnu
- Transcribing agency: JO-AjAnu
100 ## - HEADING--PERSONAL NAME
- Personal name: تاليف المنصوري، بيبرس؛ تحقيق وتقديم عبد الحميد صالح حمدان
670 ## - SOURCE DATA FOUND
- Source citation: Work cat.: (JO-AjAnu)7371: تاليف المنصوري، بيبرس؛ تحقيق وتقديم عبد الحميد صالح حمدان, author, مختار الأخبار: تاريخ الدولة الأيوبية ودولة المماليك البحرية حتى سنة 702 هجري